Clubs de foot les plus titrés (Europe) - Statistiques

Statistiques générales
  • Ce quiz a été pris 254 fois
    15 depuis la dernière actualisation
  • Le résultat moyen est 16 sur 30
Statistiques - réponses
Ranking Championnat Nombre de titres remportés Club % Correct
4 Bundesliga (Allemagne) 34 Bayern Munich
100%
3 Serie A (Italie) 36 Juventus Turin
100%
1 Premier League (Angleterre) 20 Manchester United / Liverpool
100%
5 Ligue 1 (France) 13 Paris Saint-Germain
100%
2 LaLiga (Espagne) 36 Real Madrid
100%
8 Eredivisie (Pays-Bas) 36 Ajax Amsterdam
92%
6 Liga Portugal (Portugal) 38 Benfica Lisbonne
92%
7 Pro League (Belgique) 34 RSC Anderlecht
83%
9 Superleague Elláda (Grèce) 48 Olympiakos
75%
23 Prva HNL (Croatie) 25 Dinamo Zagreb
67%
20 Superligaen (Danemark) 15 FC Copenhague / KB Copenhague
67%
15 Süper Lig (Turquie) 25 Galatasaray
67%
17 Scottish Premiership (Ecosse) 55 Rangers Glasgow / Celtic Glasgow
67%
11 Ekstraklasa (Pologne) 15 Legia Varsovie
58%
12 Allsvenskan (Suède) 24 Malmö
58%
13 Championnat Panchypriote Cyta (Chypre) 29 APOEL Nicosie
50%
10 Eliteserien (Norvège) 26 Rosenborg BK
50%
22 OTP Bank Liga (Hongrie) 36 Ferencváros
42%
16 Bundesliga (Autriche) 32 Rapid Vienne
42%
29 Премьер-Лига (Russie) 10 Spartak Moscou / Zénith Saint-Pétersbourg
42%
14 Fortuna Liga (Tchéquie) 14 Sparta Prague
42%
19 Liga I (Roumanie) 27 Steaua Bucarest (FCSB)
42%
25 Fortuna Liga (Slovaquie) 15 Slovan Bratislava
33%
18 Prva liga (Slovénie) 16 Maribor
25%
21 Super League (Suisse) 27 Grasshopper Zurich
17%
26 Besta Deildin (Islande) 27 KR Reykjavík
17%
24 SSE Airtricity League (Irlande) 21 Shamrock Rovers
17%
27 WWIN Liga BiH (Bosnie-Herzégovine) 9 HŠK Zrinjski Mostar
0%
28 Բարձրագույն Խումբ (Arménie) 17 Pyunik Erevan
0%
30 Virslīga (Lettonie) 15 Skonto Riga
0%
Aucun quiz correspondant
Distribution des résultats
% des personnes avec chaque résultat
Percentile par nombre de réponses
Votre historique - résultats
Vous n’avez pas pris ce quiz depuis la dernière actualisation